000 00752nam a22002537a 4500
001 BR8806361
003 BR-BrBNA
005 20230928093035.0
007 ta
008 230509b bl.||||| |||| 00| 0 por d
040 _aBR-BrBNA
_bpor
_cBiblioteca Nacional de Agricultura
041 _a(Por)
072 _aE13; E21
_b/G514
090 _ E13 BR8806361
110 1 _aFinanciadora de Estudos e Projetos, Rio de Janeiro, RJ (Brasil)
_94743
245 1 _aRelatorio de atividades 1980 [Financiadora de Estudos e Projetos]
260 3 _aRio de Janeiro, RJ (Brasil):
_c1981.
300 _a31 p.
650 _aPROJETO DE DESENVOLVIMENTO
650 _aFINANCIAMENTO
650 _aCONTABILIDADE
909 _a202309
_bLucia
_c55
_dLucia Elande
942 _cBK
999 _c42651
_d42651